000 00768nam a2200265 i 4500
001 C2-0248948
003 PPAK
005 20180727213058.0
008 030428s2001 my a|||| ||||| | eng d
020 _a9831432681
040 _aPPAK
_beng
_cPPAK
_erda
082 0 4 _a398.2
_223
090 0 0 _a398.2
_bCIN
_dK
100 1 _aCindy, N.,
_eauthor
245 1 4 _aThe king of fruits / Charm the music fairy
264 1 _aPetaling Jaya, Selangor :
_bMega Setia Emas ,
_c2001
300 _a[30 pages] :
_bcolour illustrations ;
_c20 cm
336 _2rdacontent
_atext
337 _2rdamedia
_aunmediated
338 _2rdacarrier
_avolume
490 1 _aAmazing tales for young readers
650 1 0 _aTales
830 0 _aAmazing tales for young readers
942 _ddc
_cB
999 _c62544
_d62544